US Cities by Counties - Statistics

General Stats
  • This quiz has been taken 21 times
  • The average score is 11 of 15
Answer Stats
Counties City / Metro Area % Correct
Suffolk, Middlesex Boston
89%
Bronx, Queens New York City
89%
Cook, DuPage Chicago
84%
Orange, Seminole Orlando
84%
Fulton, DeKalb Atlanta
79%
Wayne, Oakland Detroit
79%
Maricopa, Pinal Phoenix
79%
Cuyahoga, Lake Cleveland
74%
Allegheny, Westmoreland Pittsburgh
74%
King, Snohomish Seattle
74%
Hennepin, Ramsey Minneapolis / St. Paul
68%
Harris, Fort Bend Houston
63%
Duval, Nassau Jacksonville
58%
Mecklenburg, Union Charlotte
47%
Jackson, Wyandotte Kansas City
37%
No matching quizzes found
Score Distribution
Percent of People with Each Score
Percentile by Number Answered
Your Score History
You have not taken this quiz